000 00553nam a22002171c 4500
001 a987673147
008 140910s2002 gw a||| 000u ger d
020 _a3895550698
_93-89555-069-8
041 _ager
100 1 _aBuck, Gerhard
245 0 4 _aDas Führerhauptquartier 1939-1945
264 _aEggolsheim :
_bDörfler,
_c[2002]
300 _a176 S.:überw. Ill., Kt.
648 0 _a1939-1945
650 0 _aFührerhauptquartier
655 0 _aBildband
942 _cMG
040 _cRU-10907106
003 RU-10907106
999 _c13964
_d13964
490 0 _aZeitgeschichte